| 000 | 00595nam a2200193 a 4500 | ||
|---|---|---|---|
| 005 | 20240626063656.0 | ||
| 008 | 030516s1993 es r 000 0 spa d | ||
| 020 | _a8432129216 | ||
| 035 | _aUPN01000124286 | ||
| 049 | _aCG | ||
| 050 | 4 |
_aLB1139.3 E5 _bE3.8 |
|
| 245 | 0 | 0 |
_aEducación infantil personalizada / _cVíctor García Hoz ... [et al.]. |
| 260 |
_aMadrid : _bRialp, _c1993. |
||
| 300 | _a464 p. | ||
| 440 | 0 |
_aTratado de educación personalizada ; _v10 |
|
| 650 | 4 |
_aEducación de niños _zEspaña _914051 |
|
| 700 | 1 |
_aGarcía Hoz, Víctor, _d1911-1998 _ecoaut. _930236 |
|
| 905 | _aLibro | ||
| 999 |
_c96465 _d96465 |
||